000 00842nam a2200217Ii 4500
003 JO-AjNU
008 230605s9999||||xx |||||||||||||| ||und||
040 _aJO-AjNU
_bara
_erda
_cJO-AjNU
041 _aara
050 1 4 _aBP173.756.I2677 1982
100 3 _aالحنبلي، أبي الفرج عبد الرحمن بن أحمد ؛ تصحيح وتعليق: عبد الله الصديق,
_eauthor
_918396
245 0 0 _aالإستخراج لأحكام الخراج
250 _aط1
264 3 1 _aبيروت: دار الحداثة للطباعة والنشر والتوزيع، 1982
300 _a128ص
336 _atext
_btxt
_2rdacontent
337 _aunmediated
_bn
_2rdamedia
338 _avolume
_bnc
_2rdacarrier
490 0 _aسلسلة من التراث العربي
650 4 _aالخراج- الاقتصاد الاسلامي
_918397
999 _aA5875
_c9443
_d9443